000 00828nam a2200205Ia 4500
003 GCL
008 140319s9999 xx 000 0 ara d
040 _aGCL /
_cGCL
082 0 4 _a418.24
_bن ع
100 1 _aناصف مصطفى عبدالعزيز
245 1 0 _aالعربية للحياة :
_bمنهج متكامل فى تعليم العربية لغير الناطقين بها /
_cناصف مصطفى عبدالعزيز
250 _aالثالثة
260 _aالرياض :
_bجامعة الملك سعود ،
_c1994
300 _a284 ص ؛
_c22 سم
650 0 4 _aاللغة العربية - علم
650 0 4 _aاللغة العربية - طرق تدريس
650 0 4 _aاللغة العربية - تعليم وتدريس
650 0 4 _aاللغة العربية - قواعد الاملاء
942 _2ddc
_cBK
999 _c6911
_d6911